Sửa chữa - phục hồi các thiết bị và nội thất gia đình

Sách cung cấp các thông tin về vấn đề sửa chữa và cải thiện nhà như sửa ống nước, sửa chữa điện; cửa và cửa sổ; tường và trần nhà; sàn nhà và cầu thang; các hệ thống sưởi; thông gió và điều hoà không khí; sửa chữ bên ngoài to...

Disgrifiad llawn

Wedi'i Gadw mewn:
Manylion Llyfryddiaeth
Prif Awdur: Lê, Ngọc Cương
Fformat: Llyfr
Iaith:Undetermined
Cyhoeddwyd: Hà Nội Giao thông vận tải 2006
Pynciau:
Tagiau: Ychwanegu Tag
Dim Tagiau, Byddwch y cyntaf i dagio'r cofnod hwn!
Thư viện lưu trữ: Trung tâm Học liệu Trường Đại học Cần Thơ
LEADER 01396nam a2200217Ia 4500
001 CTU_112897
008 210402s9999 xx 000 0 und d
020 |c 32000 
082 |a 643.7 
082 |b C561 
100 |a Lê, Ngọc Cương 
245 0 |a Sửa chữa - phục hồi các thiết bị và nội thất gia đình 
245 0 |c Lê Ngọc Cương 
260 |a Hà Nội 
260 |b Giao thông vận tải 
260 |c 2006 
520 |a Sách cung cấp các thông tin về vấn đề sửa chữa và cải thiện nhà như sửa ống nước, sửa chữa điện; cửa và cửa sổ; tường và trần nhà; sàn nhà và cầu thang; các hệ thống sưởi; thông gió và điều hoà không khí; sửa chữ bên ngoài toà nhà. Phần cuối "an ninh cho nhà" trình bày những vấn đề quan trọng về sự tăng cườngan ninh cho nhà và đưa ra các biện pháp hữu hiệu nhằm ngăn chặn sự xâm nhập từ bên ngoài và chống kẻ trộm để bảo vệ tài sản gia đình. 
650 |a Household equipment,Household appliances 
650 |x Management,Maintenance and repair 
904 |i Minh 
980 |a Trung tâm Học liệu Trường Đại học Cần Thơ